00672nam a2200157 a 450000100100000000500170001000800410002704000250006808200160009310000340010924500740014326000850021730000200030295201750032299900170049700003089520200930062557.0110603s19uu dr 000 p spa d aDO-SdBNPbspacBNPHU axxxxbS211s1 aSánchez Rubirosa, E.95741910aSonorismo :boraciones débiles y cantares /cE. Sánchez Rubirosa. aCiudad Trujillo, República Dominicana :bLuís Sánchez Andújar,c[19--?]. a96 p. ;c19 cm. 001050718RVaPDbPDcCTd2011-06-03iLF1l0oxxxx S211sp30895-10r2020-06-25w2020-06-25y1zPerteneció a la biblioteca personal de Julio Ortega FrierZNo se presta c30387d30387